000 00488ntaaa2200193 4500
003 01
005 20251027201508.0
008 0714s1973 ag 01
040 _aAR-BaBN
_bspa
_cAR-BaBN
_eaacr
_dRIC
082 _a227.0900 J73
100 _aJones, Rufos M.
_913542
245 _aSan Pablo el Héroe
250 _a1 ed.
260 _aMéxico :
_bCasa Unida de Publicaciones, S. A.,
_c1924
300 _a112 p.
500 _abiografía de Pablo
650 _aPablo-Biografía
942 _cBK
999 _c9550
_d9550